Solutions / Elementary Workbook

Spremljeno u:
Bibliografski detalji
Glavni autor: Falla,Tim
Format: Knjiga
Jezik:English
Izdano: Oxford Unversity Press, 2011.
Teme:
Oznake: Dodaj oznaku
Bez oznaka, Budi prvi tko označuje ovaj zapis!
Thư viện lưu trữ: Mạng thư viện Đại học Đà Nẵng
LEADER 00980cam a22003011a 4500
001 000035104
003 11367
005 20210505134610.0
008 151102s2011 enk 000 eng
020 |a 9780194551557 
041 |a eng 
082 |a 420.8  |b FA-T 
100 |a Falla,Tim 
245 0 |a Solutions /  |c Tim Falla, Paul A Davies  |n Elementary Workbook 
260 |b Oxford Unversity Press,  |c 2011. 
300 |a 120tr. :  |b mh. ;  |c 27cm. 
650 |a Solutions  |a english 
OWN |a LNN 
902 |a TKA 
AVA |a UDN50  |b LNN  |c English  |d 420.8 FA-T  |e available  |t Error 5001 Not defined in file expand_doc_bib_avail.  |f 3  |g 0  |h N  |i 1  |j AN  |k 1 
999 |a From the UDN01 
AVA |a UDN50  |b LNN  |c English  |d 420.8 FA-T  |e available  |t Error 5001 Not defined in file expand_doc_bib_avail.  |f 3  |g 0  |h N  |i 1  |j AN  |k 1 
TYP |a Monograph 
TYP |a Printed language 
980 |a Mạng thư viện Đại học Đà Nẵng